000 01514cam a22002174a 4500
005 20250605164003.0
008 250528s ||||||||||||||||||||||||d
035 _a15701
020 _a406503311
040 _aGR-AtMCL
_bgre
_dGR-AtMCL
_eAACR2
245 1 _aWalker & Walker's English Legal System / Seventh Edition
250 _a7th
260 _bButterworths,
_c1994
300 _a668
520 _aAn essential tool for all students preparing for law degree examinations. Preface, Sources of English Law, The Historical Sources, Legislation, Law Reports and Precedents, Textbooks, The European Community, The Administration of Justice, The Royal Prerogative and Judicial Review, The Courts, The Judiciary, Juries, The Legal Profession, Legal Aids and Advice, The Police and Law Enforcement, Civil Procedure, Preliminary Considerations, Commencing an Action by Writ, Proceedings after Acknowledgements of Service, Pleadings, Procedure from the Close of Pleadings to the Trial, Originating Summonses and Motions and Petitions, Costs and the Enforcement of Judgements, Procedure in County Courts, Civil Appeals, Criminal Proceedings, Trial of an Indictable Offence, Appeal Following Trial on Indictment, Summary Procedure and Appeals, Evidence, Nature of Judicial Evidence, The Burden and Standard of Proof, The Means of Proof, Matters that May Not Be Proved, Hearsay Evidence, Index.
700 1 _aWalker R.J
_91669
700 1 _aWard Richard
_91670
942 _cBK
999 _c1260
_d1260